000 00351nam a2200109Ia 4500
008 171204s9999 xx 000 0 und d
245 _aSustainable Energy and the Environment:
245 _cK.S. Reddy, Kshitij Kaushik, and N.D. Kaushika
260 _c2016
650 _xEnvironmental Science
856 _uhttp://down.ebook777.com/040/9783319294445.pdf
999 _c345496
_d345496